| 000 | 00644nam a2200217Ia 4500 | ||
|---|---|---|---|
| 008 | 160517s9999 xx 000 0 und d | ||
| 050 | _aBF 698 | ||
| 050 | _b.R427 2015 | ||
| 100 | _aRequiero, Kerry Anne M. | ||
| 245 | _aLevels of self- efficacy and emotional adjustment of middle adult female homosexuals of Parañaque city/ | ||
| 245 | _cKerry anne M. Requiero. | ||
| 260 | _aLas Piñas, Philippines : | ||
| 260 | _bSISC, | ||
| 260 | _c2015. | ||
| 300 | _a98 pages : | ||
| 300 | _billustrations ; | ||
| 300 | _c28 cm. | ||
| 500 | _aIncludes bibliographical references and appendices. | ||
| 521 | _aPsychology | ||
| 942 | _cTH | ||
| 999 |
_c294010 _d294010 |
||